LEADER 01072nam a2200253 i 4500 001 000000158161 003 CaOOAMICUS 005 20240517122008.0 008 180328s1790 fr u000 u fre u 013 $a135524 026 $at.nt dee- iam- codu (7) 1790 (A) 040 $aSeMil$bita 100 1 $aMeilhan, Gabriel : Senac de.$0(OLS)http://semarc/name/92480 245 10$aDes principes et des causes de la Révolution en France. 264 1$cA Londres ; et se trouve à Paris, 1790. 300 $aLXXXV, [1] p. ;$c8º. 500 $aDi Gabriel Senac de Meilhan, vedi Barbier, Dictionnaire des ouvrages anonymes, v. 2, p. 224, n. 5706 500 $aSegn.: a-e8 f4(-f4) 773 0 $t[Opuscoli all'epoca della Rivoluzione francese.$w()14058 850 $aSeMil 852 $aSeMil$W1$xVenegono$y1$m3R VII 3/1 FA$j109824$B109824$CSeMilBibl$Z2$F119406 $8I 996 $6245$aDes principes et des causes de la Révolution en France$9(OLS)http://semarc/title/406260 996 $6264$a[S.l.] :$b[s.n.]$9(OLS)http://semarc/publisher/0 LEADER 01357nam a2200289 4500 001 000000342858 003 CaOOAMICUS 005 20201109105012.0 008 201109s1990 it 001 u ita r 020 $a88-7610-335-X 040 $aSeMil$bita 100 1 $aEphraïm .$0(OLS)http://semarc/name/32879 240 13$aLe chemin des nuages ou la folie de Dieu.$0(OLS)http://semarc/title/431763 245 02$aL'amore folle di Dio : $bdall'angoscia alla santità /$cFr. Ephraim ; Dr. Mardon-Robinson ; Prefazione di Dom Louis Leloir O.S.B. 264 1$aMilano :$bÀncora,$c1990. 300 $a232 p. ;$c19 cm 504 $aContiene : Bibliografia 650 4$aMisticismo - Psicologia.$0(OLS)http://semarc/subject/9570 700 1 $aMardon-Robinson, Mireille.$0(OLS)http://semarc/name/112405 700 1 $aLeloir, Louis,$c,$eprefatore.$0(OLS)http://semarc/name/9934 830 0$aTherapon ;$v4.$0(OLS)http://semarc/title/419722 850 $aSeMil 852 $aSeMil$W1$xVenegono$y1$m3F I 678$j222630$B233707$CSeMilBibl$Z2$F233707 $81 996 $6020$a88-7610-335-X$9(OLS)http://semarc/number/291589 996 $6245$aL'amore folle di Dio : $bdall'angoscia alla santità$9(OLS)http://semarc/title/431764 996 $6264$aMilano :$bÀncora$9(OLS)http://semarc/publisher/29763